| 000 | 00803cam a22002653a 4500 | ||
|---|---|---|---|
| 001 | 7984 | ||
| 003 | PGUSA | ||
| 005 | 20140828083151.0 | ||
| 008 | 050401s2005||||xxu|||||s|||||000 | eng d | ||
| 040 |
_aPGUSA _beng |
||
| 042 | _adc | ||
| 050 | 4 | _aF786 | |
| 100 | 1 |
_aInman, Henry, _d1837-1899 |
|
| 245 | 1 | 4 |
_aThe Old Santa Fe Trail : _bThe Story of a Great Highway _h[electronic resource] / _cHenry Inman |
| 260 |
_bProject Gutenberg, _c2005 |
||
| 506 | _aPublic domain in the USA. | ||
| 516 | _aElectronic text | ||
| 653 | _aSanta Fe National Historic Trail | ||
| 653 | _aFrontier and pioneer life -- West (U.S.) | ||
| 653 | _aNew Mexico -- History | ||
| 700 | 1 |
_aBuffalo Bill, _d1846-1917 |
|
| 830 | 0 |
_aProject Gutenberg _v7984 |
|
| 856 | 4 | 0 | _uhttp://www.gutenberg.org/ebooks/7984 |
| 942 | _cEB | ||
| 999 |
_c237284 _d237284 |
||